Регионална библиотека "Любен Каравелов" - Русе

Спящата красавица (Запис номер 162439)

MARC детайли
000 -Лидер
Контролно поле с фиксирана дължина 01617nam a2200373 c 4500
003 - Код на организацията, давaща контролен номер
Контролно поле BLK
005 - Дата и час на последна редакция
Контролно поле 20250315005704.0
008 - Елементи от данни с фиксирана дължина
fixed length control field 180410b bul|||||r ||||||| ||bul||
010 ## - Наследен системен номер
LC control number KNG00169816000
020 ## - Международен стандартен номер на книга ISBN
Международен стандартен номер на книга ISBN 978-954-27-0948-0
-- издат.: Егмонт България
040 ## - Източник на каталожния запис
Идентификатор на билиотеката - собственик на записа BLK
041 ## - Код за език
Код за езика на текст/звукозапис или на отделно заглавие Български
Код за езика КДБФ Български
072 #7 - Код за тематичната категория
Код организация bullib
Код за тематична категория Н85
Текст Детска художествена литература Н
080 ## - УДК
Текстов определител УДК Литература на отделни езици и езикови семейства
УДК код - определител по УДК 821
УДК определител -93-34
УДК - код + определител 821-93-34
139 ## - Редно поле
Редна дума Спящата красавица
Авторски знак Спр - С 59
245 10 - Сведения за заглавието
Заглавие Спящата красавица
Редно поле (дума) прев. Лили Христова Илиева; по Вилхелм Грим; по Якоб Грим.
257 ## - Страна на издаване
Страна на създаване/издаване Германия
260 ## - Област на издателските данни
-- София
Име на издателя, разпространителя и проч. Егмонт България
Година на издаване 2013
Печатница Полша
300 ## - Физическа характеристика
Страници 48 с.
Илюстрации и др. с цв. ил.
Размери/Мащаб 24Х25 см
Съпровождащи материали 1 CD
380 ## - Жанр
Жанр Детска худож. лит.
490 1# - СЕРИИ (Колекции)
Име на серия Приказки на глас
№: серия 10
500 ## - Общи забележки
Забележка Ориг. загл.: Sleeping beauty. - Изд. на Disney. - ISSN C633-4768. - CD със сигн. Цб CD 3880
650 #4 - Допълнително описание по предмет – тема
Основно описание – тема или топоним Книжки-картинки
9 (RLIN) 267880
659 ## - Тематичен бюлетин
Тематичен бюлетин Н
700 ## - Други автори (авторска отговорност)
Лично име Илиева, Лили Христова
Дати, свързани с автора 1956 -
Пълна форма на името Илиева, Лилия Христова
9 (RLIN) 241658
700 ## - Други автори (авторска отговорност)
Лично име Грим, Вилхелм
Дати, свързани с автора 1786 - 1859
9 (RLIN) 363315
700 ## - Други автори (авторска отговорност)
Лично име Грим, Якоб
Дати, свързани с автора 1785 - 1863
9 (RLIN) 363316
852 ## - Местоположение
Форматна сигнатура Цб 272290
856 4# - Електронен адрес и достъп
Електронен формат pdf - файл
Път до файла /url/
856 4# - Електронен адрес и достъп
Електронен формат pdf - файл
Път до файла /url/
942 ## - АРТИКУЛИ
Вид на библиотечния материал Книги
Скрит в OPAC Не
Koha issues (borrowed), all copies 12
944 ## - СЪЗДАВАНЕ И РЕДАКЦИЯ на ЗАПИСА
Създаване/Редакция Създаване
Дата на регистрацията/редакция 20.01.2015
Служител, извършил регистрацията/редакцията
Статус, дата на статуса CRON CRON
944 ## - СЪЗДАВАНЕ И РЕДАКЦИЯ на ЗАПИСА
Създаване/Редакция Редакция
Дата на регистрацията/редакция 29.09.2017
Служител, извършил регистрацията/редакцията Виолета_Тройчева
999 ## - СИСТЕМНИ КОНТРОЛНИ НОМЕРА
Koha biblionumber 162439
Koha biblioitemnumber 162439
Наличности
Код за отписване Код за изгубен артикул Код за повреда Коз за рестрикции Код за отдаване Артикулен № Име на библиотеката - собственик Име на библиотеката, в която се намира в момента Статус (Текущо местоположение) Дата на вписване в системата Местоположение - отдел Цена в лева Инвентарен номер Систематично азбучна сигнатура Баркод Номер на екземпляра Цена в евро Служебна бележка Служебен тип на артикула Източник на класификационната схема
  Не е изгубен Не е повреден без рестрикции ползва се в читалня 271194 Регионална библиотека "Любен Каравелов" Русе Регионална библиотека "Любен Каравелов" Русе Хранилище 2015-01-23 Хранилище 11.90 120000784535 Цб 272290 120000784535 1 6.08 Дост: Dp Вид: Д N: 18 Дата: 07.04.2014 Книги  
Изтеглен Не е изгубен Не е повреден без рестрикции заемане за дома 271195 Регионална библиотека "Любен Каравелов" Русе Регионална библиотека "Любен Каравелов" Русе Детски отдел 2017-07-14 Детски отдел 11.90 120000813406 ДХ 820/899/С 59 120000813406 2 6.08 Дост: DA Вид: А N: 30 Дата: 14.07.2017 Книги Universal Decimal Classification
Vip Innovations Ltd, Rousse, Bulgaria 2025